Vacana vallari. (Record no. 73703)

MARC details
000 -LEADER
fixed length control field 00504cam a22002171 4500
001 - CONTROL NUMBER
control field sa 67003211
003 - CONTROL NUMBER IDENTIFIER
control field DLC
005 - DATE AND TIME OF LATEST TRANSACTION
control field 20260227112336.0
008 - FIXED-LENGTH DATA ELEMENTS--GENERAL INFORMATION
fixed length control field 890911m19581963ii c 000 0 kano
010 ## - LIBRARY OF CONGRESS CONTROL NUMBER
LC control number sa 67003211
035 ## - SYSTEM CONTROL NUMBER
System control number (OCoLC)20325324
040 ## - CATALOGING SOURCE
Original cataloging agency DLC
Transcribing agency WaU
Modifying agency DLC
042 ## - AUTHENTICATION CODE
Authentication code premarc
050 00 - LIBRARY OF CONGRESS CALL NUMBER
Classification number PL4659.C52
Item number V3
100 0# - MAIN ENTRY--PERSONAL NAME
Personal name Ja. Ca. Ni.,
Dates associated with a name 1911-
245 10 - TITLE STATEMENT
Title Vacana vallari.
260 ## - PUBLICATION, DISTRIBUTION, ETC.
Date of publication, distribution, etc. [1958-63]
300 ## - PHYSICAL DESCRIPTION
Extent v.
Other physical details ports.
Dimensions 19 cm.
500 ## - GENERAL NOTE
General note In Kannada.
500 ## - GENERAL NOTE
General note Poems.

No items available.

Powered by Koha